Statistics for All Formula 1 Stewart/Jaguar/Red Bull drivers

Click here to take the quiz!

General Stats

  • This quiz has been taken 1,924 times
    (1,133 since last reset)
  • The average score is 14 of 21

Answer Stats

YearsNo. of racesNameNationality% Correct
2016–present165Max VerstappenNetherlands
100%
2014–18100Daniel RicciardoAustralia
98%
2003–04, 2007–13163Mark WebberAustralia
98%
2009–14113Sebastian VettelGermany
98%
19989Jos VerstappenNetherlands
97%
2019–2026Alexander AlbonThailand
96%
2021–present69Sergio PérezMexico
96%
201912Pierre GaslyFrance
94%
2015–1623Daniil KvyatRussia
90%
2005–0872David CoulthardUnited Kingdom
88%
1997–9824Jan MagnussenDenmark
69%
1997–9949Rubens BarrichelloBrazil
65%
2004–0648Christian KlienAustria
53%
2000–0250Eddie IrvineUnited Kingdom
48%
1999–200033Johnny HerbertUnited Kingdom
47%
2001–0230Pedro de la RosaSpain
47%
20054Vitantonio LiuzziItaly
42%
20063Robert DoornbosNetherlands
33%
200311Antônio PizzoniaBrazil
25%
20035Justin WilsonUnited Kingdom
21%
2000–015Luciano BurtiBrazil
18%

Score Distribution

Percentile by Number Answered

Percent of People with Each Score

Your Score History

You have not taken this quiz since the last reset